| 000 | 01063nam a22002777a 4500 | ||
|---|---|---|---|
| 999 |
_c115990 _d115990 |
||
| 003 | dpl | ||
| 005 | 20190608181132.0 | ||
| 008 | 190608b ||||| |||| 00| 0 eng d | ||
| 010 | _aB-241465, B-241468 | ||
| 020 |
_c200.00 _a8188060607 |
||
| 035 | _aB-241465 | ||
| 037 | _bCen Lib/Ret | ||
| 040 |
_aDPL _bHN _cdpl |
||
| 082 |
_aउ _bपॉलनी |
||
| 100 |
_aपॉल, नीना _92233 |
||
| 245 |
_aरिहाई / _cनीना पॉल |
||
| 246 |
_aReehai / _bby Neena Paul |
||
| 260 |
_aनई दिल्ली _bसुनील साहित्य सदन _c2007 |
||
| 270 |
_bनई दिल्ली _a3320-21, जटवाडा, दरियागंज _e110002 |
||
| 300 |
_a143पृ. _c20सेमी (सजिल्द) |
||
| 650 |
_a हिन्दी साहित्य _964262 |
||
| 650 |
_a हिन्दी साहित्य -- उपन्यास _946379 |
||
| 650 |
_aHindi literature _964263 |
||
| 650 |
_aHindi literature -- Fiction _964264 |
||
| 942 |
_2ddc _cHN _hउ _mपॉलनी |
||